| 000 | 00556nam a2200217Ia 4500 | ||
|---|---|---|---|
| 003 | OSt | ||
| 005 | 20260218092356.0 | ||
| 008 | 210210b1973 xxu||||| |||| 00| 0 eng d | ||
| 040 | _cAL | ||
| 041 | _aEnglish | ||
| 082 | _a820.301 DIWS | ||
| 100 |
_aDiwakar R R _9255469 |
||
| 245 | _aStories of Vikramaditya | ||
| 260 |
_aBombay. _bBharatiya Vidyabhavana _c1973 |
||
| 300 | _a152 | ||
| 650 |
_aVetala Betala Stories _9255470 |
||
| 690 |
_aIndian English Fiction _9255471 |
||
| 700 |
_aRamakrishnan S Ed _9255472 |
||
| 906 | _a031749 | ||
| 942 |
_2ddc _cBK |
||
| 999 |
_c82855 _d82855 |
||